Privatizácia a metódy oceňovania štátneho majetku
Privatizácia ako pilier transformácie ekonomiky. Spôsoby oceňovania majetku v závislosti od spôsobu jeho privatizácie. Zásady a postupy oceňovania majetku podniku. Výnosová metóda. Metóda substančnej hodnoty. Bilančná a likvidačná metóda. Zhrnutie výsledkov prvej vlny privatizácie.
Guardado en:
| Autor principal: | |
|---|---|
| Formato: | Capítulo de libro |
| Lenguaje: | eslovaco |
| Materias: | |
| Etiquetas: |
Sin Etiquetas, Sea el primero en etiquetar este registro!
|
MARC
| LEADER | 00000naa a2200000 4500 | ||
|---|---|---|---|
| 001 | r000780 | ||
| 005 | 20221214064735.3 | ||
| 041 | 0 | |a slo | |
| 044 | |a SK | ||
| 245 | 1 | 0 | |a Privatizácia a metódy oceňovania štátneho majetku |c Viera Strinková |
| 520 | |a Privatizácia ako pilier transformácie ekonomiky. Spôsoby oceňovania majetku v závislosti od spôsobu jeho privatizácie. Zásady a postupy oceňovania majetku podniku. Výnosová metóda. Metóda substančnej hodnoty. Bilančná a likvidačná metóda. Zhrnutie výsledkov prvej vlny privatizácie. | ||
| 610 | 2 | 0 | |a privatizácia |
| 610 | 2 | 0 | |a oceňovanie |
| 610 | 2 | 0 | |a podnik |
| 610 | 2 | 0 | |a majetok národný |
| 610 | 2 | 0 | |a Slovensko |
| 100 | 1 | |a Strinková, Viera | |